Norwegia - Okręgi Norwegii (podział administracyjny Norwegii) - Mapa - Statystyki

Ogólne statystyki
  • Ten quiz został rozwiązany 185 razy
  • Średni wynik to 8 z 17
Odpowiedzi na mapie
Odpowiedzi zakodowano w zielono-czerwonej skali na mapie do tego quizu, zgodnie z poniższymi procentami.
 
Statystyki odpowiedzi
Okręg Stolica % Poprawnych
Akershus Oslo
87%
Oslo
87%
Vestland Bergen
69%
Svalbard Longyearbyen
67%
Nordland Bodø
54%
Troms Tromsø
51%
Trøndelag Trondheim
51%
Finnmark Vadsø
44%
Jan Mayen Olonkinbyen
38%
Rogaland Stavanger
38%
Agder Kristiansand
36%
Innlandet Hamar
36%
Østfold Sarpsborg
31%
Telemark Skien
31%
Vestfold Tønsberg
28%
Buskerud Drammen
26%
Møre og Romsdal Molde
23%
Nie znaleziono quizów pasujących do podanych kryteriów
Rozkład punktacji
Procent ludzi z każdym wynikiem
Percentyl według liczby udzielonych odpowiedzi
Twoja historia wyników
Nie rozwiązałeś tego quizu